banner-ar

دراسات فى تاريخ مصر الاسلامية وحضارتها : من الفتح الاسلامى حتى منتصف القرن الثالث الهجرى / (Record no. 45452)

MARC details
000 -الفاتح
حقل البيانات ثابتة الطول 00680nam a2200181Ia 4500
008 - عناصر البيانات ثابتة الطول - معلومات عامة
حقل البيانات ثابتة الطول 140319s9999 xx 000 0 ara d
040 ## - مصدر الفهرسة
وكالة الفهرسة الأصلية GCL /
وكالة النسخ GCL
082 04 - رقم تصنيف ديوى العشرى
رقم التصنيف 953.073
رقم المادة ص د
100 1# - المدخل الرئيسى - إسم شخصى
الإسم الشخصى صابر محمد دياب حسين
245 10 - بيان العنوان
العنوان دراسات فى تاريخ مصر الاسلامية وحضارتها : من الفتح الاسلامى حتى منتصف القرن الثالث الهجرى /
بيان المسئوليه,etc صابر محمد دياب حسين
300 ## - الوصف المادى
التعداد 163 ص
490 ## - بيان السلسلة
عنوان السلسلة
650 04 - المدخل الاضافى بالموضوع-مصطلح موضوعى
مصطلح موضوعي الحضارة الاسلامية
650 04 - المدخل الاضافى بالموضوع-مصطلح موضوعى
مصطلح موضوعي مصر - تاريخ
650 04 - المدخل الاضافى بالموضوع-مصطلح موضوعى
مصطلح موضوعي مصر - تاريخ - العصر الحديث (1805 - 1956 )
942 ## - عناصر المدخل الإضافي( كوها)
مصدر التصنيف او مخطط الترفيف Dewey Decimal Classification
Koha [default] item type كتاب
Holdings
حالة التراجع حالة الفقد حالة تلف ليس للاعارة المكان المؤقت الموقع الحالى تاريخ الاكتساب اجمالي اﻻعارات رقم الطلب الباركود تاريخ اخر مشاهدة تاريخ تفعيل السعر نوع وعاء كوها
        مكتبة القاهرة الكبرى مكتبة القاهرة الكبرى 03/26/2014   953.073\ص د 110869 03/26/2014 03/26/2014 كتاب

Powered By

EGPV